Państwa Oceanu Atlantyckiego - Quiz na mapie - Statystyki

Ogólne statystyki
  • Ten quiz został rozwiązany 34 razy
    24 od ostatniego zresetowania
  • Średni wynik to 34 z 51
Odpowiedzi na mapie
Odpowiedzi zakodowano w zielono-czerwonej skali na mapie do tego quizu, zgodnie z poniższymi procentami.
 
Statystyki odpowiedzi
Odpowiedź % Poprawnych
Brazylia
82%
Dania
82%
Meksyk
82%
Argentyna
77%
Bahamy
77%
Dominikana
77%
Francja
77%
Kanada
77%
Stany Zjednoczone
77%
Angola
73%
Benin
73%
Demokratyczna Republika Konga
73%
Gwatemala
73%
Haiti
73%
Hiszpania
73%
Panama
73%
Belize
68%
Gujana
68%
Irlandia
68%
Islandia
68%
Kostaryka
68%
Kuba
68%
Maroko
68%
Mauretania
68%
Nikaragua
68%
Norwegia
68%
Portugalia
68%
Surinam
68%
Urugwaj
68%
Wenezuela
68%
Wielka Brytania
68%
Ghana
64%
Jamajka
64%
Kolumbia
64%
Kongo
64%
Namibia
64%
Republika Południowej Afryki
64%
Senegal
64%
Wybrzeże Kości Słoniowej
64%
Gabon
59%
Gwinea
59%
Gwinea Równikowa
59%
Honduras
59%
Liberia
59%
Nigeria
59%
Republika Zielonego Przylądka
59%
Wyspy Świętego Tomasza i Książęca
59%
Kamerun
55%
Sierra Leone
55%
Togo
55%
Gwinea Bissau
45%
Nie znaleziono quizów pasujących do podanych kryteriów
Rozkład punktacji
Procent ludzi z każdym wynikiem
Percentyl według liczby udzielonych odpowiedzi
Twoja historia wyników
Nie rozwiązałeś tego quizu od ostatniego zresetowania